[Event "Titled Tuesday intern op 18th Jul Early"]
[Site "Chess.com INT"]
[Date "2023.07.18"]
[Round "2"]
[White "Altman, Joshua"]
[Black "Gordievsky, Dmitry"]
[Result "1-0"]
[WhiteElo "2163"]
[BlackElo "2517"]
[PlyCount "77"]
[EventDate "2023.07.18"]
[EventType "swiss (blitz)"]
[EventRounds "11"]
[EventCountry "USA"]
[SourceTitle "EXT 2024"]
[Source "ChessBase"]
[SourceDate "2023.10.10"]
[SourceVersion "1"]
[SourceVersionDate "2023.10.10"]
[SourceQuality "1"]

1. d4 d5 2. c4 e6 3. Nc3 Nf6 4. cxd5 exd5 5. Bg5 c6 6. Qc2 h6 7. Bh4 Be7 8. e3 0-0 9. Bd3 Re8 10. Nf3 Ne4 11. Bxe7 Qxe7 12. 0-0 Nd7 13. Rae1 a6 14. Nd2 Ndf6 15. f3 Nxd2 16. Qxd2 c5 17. dxc5 Qxc5 18. Ne2 Bd7 19. Nd4 Qe7 20. h3 Nh5 21. Qf2 Qg5 22. g4 Nf6 23. f4 Nxg4 24. hxg4 Qxg4+ 25. Qg2 Qh4 26. Bf5 Rad8 27. Bxd7 Rxd7 28. Qxg7+ Kxg7 29. Nf5+ Kf6 30. Nxh4 d4 31. e4 d3 32. e5+ Ke6 33. f5+ Kd5 34. Re3 Kd4 35. Rxd3+ Kxd3 36. Rd1+ Kc2 37. Rxd7 Kxb2 38. Rxb7+ Kxa2 39. Nf3 1-0

[Event "Titled Tuesday intern op 18th Jul Early"]
[Site "Chess.com INT"]
[Date "2023.07.18"]
[Round "5"]
[White "Gordievsky, Dmitry"]
[Black "Aaditya, Dhingra"]
[Result "0-1"]
[WhiteElo "2517"]
[BlackElo "2144"]
[PlyCount "70"]
[EventDate "2023.07.18"]
[EventType "swiss (blitz)"]
[EventRounds "11"]
[EventCountry "USA"]
[SourceTitle "EXT 2024"]
[Source "ChessBase"]
[SourceDate "2023.10.10"]
[SourceVersion "1"]
[SourceVersionDate "2023.10.10"]
[SourceQuality "1"]

1. Nf3 c5 2. c4 Nc6 3. Nc3 Nf6 4. g3 d5 5. d4 dxc4 6. d5 Nb4 7. e4 e6 8. Bxc4 exd5 9. exd5 Bd6 10. a3 Na6 11. Qe2+ Qe7 12. Qxe7+ Kxe7 13. 0-0 Nc7 14. Re1+ Kf8 15. Bf4 Bxf4 16. gxf4 Bf5 17. d6 Nce8 18. Rad1 Rd8 19. Re5 Bg4 20. Be2 b6 21. Re7 Bxf3 22. Bxf3 Rxd6 23. Rxa7 g6 24. Re1 Kg7 25. Ree7 Rf8 26. Be2 Rd2 27. Bc4 Nd6 28. b3 Nxc4 29. bxc4 Rd4 30. Nb5 Rxf4 31. Reb7 Ne4 32. Rxb6 Rd8 33. Kg2 Rxf2+ 34. Kh3 Rd3+ 35. Kg4 h5+ 0-1

[Event "Titled Tuesday intern op 11th Jul Early"]
[Site "Chess.com INT"]
[Date "2023.07.11"]
[Round "5"]
[White "Djokic, Mihailo"]
[Black "Gordievsky, Dmitry"]
[Result "0-1"]
[WhiteElo "2146"]
[BlackElo "2517"]
[PlyCount "88"]
[EventDate "2023.07.11"]
[EventType "swiss (blitz)"]
[EventRounds "11"]
[EventCountry "USA"]
[SourceTitle "EXT 2024"]
[Source "ChessBase"]
[SourceDate "2023.10.10"]
[SourceVersion "1"]
[SourceVersionDate "2023.10.10"]
[SourceQuality "1"]

1. e4 c6 2. d4 d5 3. e5 Bf5 4. h4 h5 5. Bg5 Qb6 6. Bd3 Qxd4 7. Nf3 Qg4 8. Bxf5 Qxf5 9. 0-0 f6 10. exf6 gxf6 11. Nd4 Qg4 12. f3 Qd7 13. Bc1 e5 14. Nb3 Na6 15. c4 dxc4 16. N3d2 0-0-0 17. Kh2 Nc5 18. Qc2 Qd3 19. Qxc4 Qxc4 20. Nxc4 Rd4 21. Ne3 Rxh4+ 22. Kg3 Rd4 23. Nf5 Rd7 24. Be3 Ne7 25. Nh4 Rg8+ 26. Kh3 Nd3 27. Nc3 Nxb2 28. Ne4 Nd5 29. Bxa7 Be7 30. Kh2 b6 31. Rab1 Na4 32. Rfc1 Rxa7 33. Rxc6+ Kd7 34. Rc4 Nc5 35. Rd1 Ke6 36. Rd2 f5 37. Nxf5 Kxf5 38. Rxd5 Rxa2 39. Ng3+ Ke6 40. Rd1 h4 41. Nf1 Raxg2+ 42. Kh3 Rg1 43. Rb4 Rh1+ 44. Nh2 Rg3# 0-1

[Event "Titled Tuesday intern op 11th Jul Late"]
[Site "Chess.com INT"]
[Date "2023.07.11"]
[Round "8"]
[White "Fiorito, Francisco"]
[Black "Gordievsky, Dmitry"]
[Result "0-1"]
[WhiteElo "2298"]
[BlackElo "2517"]
[PlyCount "88"]
[EventDate "2023.07.11"]
[EventType "swiss (blitz)"]
[EventRounds "11"]
[EventCountry "USA"]
[SourceTitle "EXT 2024"]
[Source "ChessBase"]
[SourceDate "2023.10.10"]
[SourceVersion "1"]
[SourceVersionDate "2023.10.10"]
[SourceQuality "1"]

1. Nf3 c5 2. b3 Nf6 3. Bb2 g6 4. e3 Bg7 5. c4 0-0 6. Qc2 b6 7. Nc3 Bb7 8. Be2 Nc6 9. a3 e6 10. 0-0 d5 11. cxd5 exd5 12. d4 cxd4 13. exd4 Ne4 14. Rad1 Re8 15. Rfe1 Rc8 16. Bb5 a6 17. Bxc6 Rxc6 18. Qd3 Rce6 19. h3 h6 20. Ne5 g5 21. Qc2 f6 22. Nf3 Qc8 23. Qd3 h5 24. Rc1 Qd7 25. Qf1 g4 26. hxg4 hxg4 27. Nh4 Nd2 28. Rxe6 Nxf1 29. Rxe8+ Qxe8 30. Rxf1 Qe6 31. g3 Bh6 32. Bc1 Bxc1 33. Rxc1 Bc6 34. Ng2 a5 35. Re1 Qf5 36. a4 Qc2 37. Re3 Qxb3 38. Nf4 Bxa4 39. Ncxd5 Qd1+ 40. Kg2 Bc6 41. Re7 Bxd5+ 42. Nxd5 Qf3+ 43. Kg1 Qxd5 44. Rd7 Qxd7 0-1

[Event "Titled Tuesday intern op 11th Jul Late"]
[Site "Chess.com INT"]
[Date "2023.07.11"]
[Round "10"]
[White "Gordievsky, Dmitry"]
[Black "Maghsoodloo, Parham"]
[Result "0-1"]
[WhiteElo "2517"]
[BlackElo "2719"]
[PlyCount "98"]
[EventDate "2023.07.11"]
[EventType "swiss (blitz)"]
[EventRounds "11"]
[EventCountry "USA"]
[SourceTitle "EXT 2024"]
[Source "ChessBase"]
[SourceDate "2023.10.10"]
[SourceVersion "1"]
[SourceVersionDate "2023.10.10"]
[SourceQuality "1"]

1. Nf3 a6 2. e4 b5 3. d4 Bb7 4. Bd3 c5 5. dxc5 Nf6 6. e5 Nd5 7. Nbd2 Nf4 8. Be4 Qc8 9. 0-0 e6 10. b4 a5 11. c3 Nc6 12. Nb3 Ng6 13. Bxg6 hxg6 14. a3 Be7 15. Re1 f5 16. Bf4 Nd8 17. Nbd4 Nf7 18. Qd2 Rh5 19. h4 Bxh4 20. Nxh4 Rxh4 21. f3 Rh5 22. Nxb5 g5 23. Bxg5 Rxg5 24. Nd6+ Nxd6 25. Qxg5 Nc4 26. Kf2 Kf7 27. Qh5+ Ke7 28. Qh4+ Kf7 29. Qxc4 Qd8 30. Qf4 Bc6 31. Red1 Qb8 32. Rd6 axb4 33. cxb4 Qb5 34. Qd4 Kg6 35. Qd3 Qa4 36. Qc3 Rh8 37. Rb1 Rh4 38. Qb3 Qa8 39. Rbd1 Ba4 40. Qd3 Bxd1 41. Qxd1 Qxa3 42. c6 dxc6 43. Rxe6+ Kh7 44. Rxc6 Qb2+ 45. Qc2 Qd4+ 46. Kg3 Qf4+ 47. Kf2 Qd4+ 48. Kg3 Rh5 49. Qc3 Qh4# 0-1

[Event "Titled Tuesday intern op 11th Jul Late"]
[Site "Chess.com INT"]
[Date "2023.07.11"]
[Round "3"]
[White "Gordievsky, Dmitry"]
[Black "Ovchinnikov, Vsevolod"]
[Result "0-1"]
[WhiteElo "2517"]
[BlackElo "2426"]
[PlyCount "138"]
[EventDate "2023.07.11"]
[EventType "swiss (blitz)"]
[EventRounds "11"]
[EventCountry "USA"]
[SourceTitle "EXT 2024"]
[Source "ChessBase"]
[SourceDate "2023.10.10"]
[SourceVersion "1"]
[SourceVersionDate "2023.10.10"]
[SourceQuality "1"]

1. Nf3 Nf6 2. c4 g6 3. d4 Bg7 4. g3 d5 5. Bg2 dxc4 6. Na3 Nc6 7. Nxc4 0-0 8. 0-0 Be6 9. b3 Bd5 10. Bb2 a5 11. a4 Qc8 12. Rc1 Rd8 13. e3 h6 14. Qe2 Qe6 15. Rfe1 Ne4 16. h4 Rac8 17. Nfd2 Nxd2 18. Nxd2 Bxg2 19. Kxg2 Qd5+ 20. Kg1 b6 21. Red1 Nb4 22. e4 Qd7 23. Nc4 h5 24. Kh2 Qe8 25. Bc3 e6 26. Bb2 Nc6 27. Qe3 Nb4 28. Rd2 Rd7 29. Rcd1 Rcd8 30. Qe2 Qe7 31. Qf3 Nc6 32. d5 exd5 33. exd5 Bxb2 34. dxc6 Rxd2 35. Rxd2 Rxd2 36. Nxd2 Bd4 37. Nc4 Bc5 38. Kg2 Qe6 39. Nd2 Qd6 40. Ne4 Qe6 41. Ng5 Qe7 42. Qd5 Qf6 43. Ne4 Qe7 44. f3 Bb4 45. Qd7 Kg7 46. Qd5 Kg8 47. Kh3 Kg7 48. g4 hxg4+ 49. fxg4 Kg8 50. g5 Kg7 51. Kg4 Kf8 52. h5 gxh5+ 53. Kxh5 Kg7 54. Qd4+ Kg8 55. Nf6+ Kf8 56. Nd7+ Kg8 57. Nf6+ Kf8 58. Ng4 Qe6 59. Qd8+ Kg7 60. Qd4+ Kf8 61. Qd8+ Kg7 62. Qxc7 Qg6+ 63. Kh4 Qh7+ 64. Kg3 Qd3+ 65. Kh4 Qh7+ 66. Kg3 Qd3+ 67. Kg2 Qd2+ 68. Nf2 Bc5 69. Qf4 Qxf4 0-1

[Event "Titled Tuesday intern op 11th Jul Early"]
[Site "Chess.com INT"]
[Date "2023.07.11"]
[Round "1"]
[White "Keleberda, Timur"]
[Black "Gordievsky, Dmitry"]
[Result "0-1"]
[WhiteElo "2302"]
[BlackElo "2517"]
[PlyCount "108"]
[EventDate "2023.07.11"]
[EventType "swiss (blitz)"]
[EventRounds "11"]
[EventCountry "USA"]
[SourceTitle "EXT 2024"]
[Source "ChessBase"]
[SourceDate "2023.10.10"]
[SourceVersion "1"]
[SourceVersionDate "2023.10.10"]
[SourceQuality "1"]

1. e4 c5 2. Nf3 e6 3. c4 Nc6 4. b3 Nf6 5. e5 Ng4 6. Bb2 Nh6 7. Bd3 d6 8. exd6 Bxd6 9. Bxg7 Rg8 10. Bxh6 Qf6 11. Nc3 Qxh6 12. g3 f5 13. Qe2 Qf6 14. 0-0-0 Bd7 15. Kb1 0-0-0 16. Bc2 e5 17. Nd5 Qf7 18. Qe3 e4 19. Nh4 Nd4 20. f4 Be6 21. Nc3 Rge8 22. d3 exd3 23. Qxd3 Be7 24. Qe3 Bxh4 25. gxh4 Bd5 26. Nxd5 Rxe3 27. Nxe3 Re8 28. Nd5 Qh5 29. Bd3 Qxh4 30. Rhg1 a5 31. Rg7 a4 32. Nb6+ Kb8 33. Nd7+ Ka8 34. Nxc5 Re1 35. Rxe1 Qxe1+ 36. Kb2 Qb4 37. Nxa4 Qd2+ 38. Ka3 Qxd3 39. Rxb7 Nc2+ 40. Kb2 Qd4+ 41. Kxc2 Kxb7 42. c5 Qxf4 43. Nc3 Qxh2+ 44. Kd3 f4 45. b4 f3 46. b5 f2 47. Ke2 Qg1 48. c6+ Kc8 49. Nd5 f1Q+ 50. Kd2 Qxb5 51. Kc3 Qxd5 52. c7 Qgd4+ 53. Kc2 Qxa2+ 54. Kc1 Qdd2# 0-1

[Event "Titled Tuesday intern op 20th Jun Early"]
[Site "Chess.com INT"]
[Date "2023.06.20"]
[Round "11"]
[White "Gordievsky, Dmitry"]
[Black "Durarbayli, Vasif"]
[Result "0-1"]
[WhiteElo "2517"]
[BlackElo "2627"]
[PlyCount "48"]
[EventDate "2023.06.20"]
[EventType "swiss (blitz)"]
[EventRounds "11"]
[EventCountry "USA"]
[SourceTitle "EXT 2024"]
[Source "ChessBase"]
[SourceDate "2023.10.10"]
[SourceVersion "1"]
[SourceVersionDate "2023.10.10"]
[SourceQuality "1"]

1. Nf3 d5 2. g3 g6 3. Bg2 Bg7 4. d4 c6 5. 0-0 Nd7 6. c4 dxc4 7. a4 e5 8. Na3 exd4 9. Nxc4 Nb6 10. Bg5 Ne7 11. Rc1 0-0 12. Qd2 Be6 13. Na5 Qd7 14. Bh6 Bxh6 15. Qxh6 Nf5 16. Qf4 Rad8 17. Rfd1 Nd5 18. Qd2 c5 19. Ne5 Qc7 20. Nac4 b6 21. Nd3 Rfe8 22. b4 Nc3 23. Rxc3 dxc3 24. Qxc3 cxb4 0-1

[Event "Titled Tuesday intern op 20th Jun Early"]
[Site "Chess.com INT"]
[Date "2023.06.20"]
[Round "9"]
[White "Hayrapetyan, Hovik"]
[Black "Gordievsky, Dmitry"]
[Result "0-1"]
[WhiteElo "2442"]
[BlackElo "2517"]
[PlyCount "49"]
[EventDate "2023.06.20"]
[EventType "swiss (blitz)"]
[EventRounds "11"]
[EventCountry "USA"]
[SourceTitle "EXT 2024"]
[Source "ChessBase"]
[SourceDate "2023.10.10"]
[SourceVersion "1"]
[SourceVersionDate "2023.10.10"]
[SourceQuality "1"]

1. d4 d5 2. c4 e6 3. Nc3 Nf6 4. Nf3 Bb4 5. Qa4+ Nc6 6. a3 Bxc3+ 7. bxc3 h6 8. cxd5 exd5 9. Bf4 Bd7 10. e3 0-0 11. Qc2 Na5 12. Bd3 c5 13. dxc5 Rc8 14. Nd4 Re8 15. Bd6 b6 16. Ba6 bxc5 17. Bxc8 Qxc8 18. Nf3 Ne4 19. Bg3 Bb5 20. Rb1 Qa6 21. Ne5 f6 22. c4 Nxc4 23. Nxc4 Bxc4 24. Bf4 Bd3 25. Qb2 0-1

[Event "Aimchess Play In op"]
[Site "Chess.com INT"]
[Date "2023.06.12"]
[Round "1"]
[White "Gordievsky, Dmitry"]
[Black "Pichot, Alan"]
[Result "1/2-1/2"]
[WhiteElo "2517"]
[BlackElo "2638"]
[PlyCount "56"]
[EventDate "2023.06.12"]
[EventType "swiss (rapid)"]
[EventRounds "9"]
[EventCountry "USA"]
[SourceTitle "CBM 214 Extra"]
[Source "ChessBase"]
[SourceDate "2023.07.31"]
[SourceVersion "1"]
[SourceVersionDate "2023.07.31"]
[SourceQuality "1"]

1. Nf3 Nf6 2. c4 e6 3. g3 d5 4. Bg2 Be7 5. 0-0 0-0 6. b3 a5 7. Bb2 a4 8. Na3 b6 9. d4 Bb7 10. Ne5 Nbd7 11. Nd3 c5 12. Nb5 Qb8 13. cxd5 exd5 14. bxa4 c4 15. Ne5 Nxe5 16. dxe5 Ne4 17. Bxe4 dxe4 18. Qd7 Bc5 19. Nd6 Bd5 20. Rad1 Ra7 21. Qg4 Be6 22. Qxe4 Rxa4 23. Bd4 Qc7 24. Nb5 Qe7 25. Nc3 Ra3 26. Nd5 Bxd5 27. Qxd5 Bxd4 28. Rxd4 Rxa2 1/2-1/2

[Event "Moscow op-A 18th"]
[Site "Moscow"]
[Date "2022.07.18"]
[Round "6"]
[White "Gordievsky, Dmitry"]
[Black "Rostovtsev, Dmitry"]
[Result "1-0"]
[WhiteElo "2535"]
[BlackElo "2302"]
[PlyCount "65"]
[EventDate "2022.07.14"]
[EventType "swiss"]
[EventRounds "9"]
[EventCountry "RUS"]
[SourceTitle "CBM 209 Extra"]
[Source "ChessBase"]
[SourceDate "2022.09.30"]
[SourceVersion "1"]
[SourceVersionDate "2022.09.30"]
[SourceQuality "1"]

1. Nf3 Nf6 2. g3 e6 3. Bg2 d5 4. 0-0 Be7 5. c4 0-0 6. d4 c6 7. Nc3 dxc4 8. Ne5 c5 9. dxc5 Bxc5 10. Nxc4 Nc6 11. Bf4 Qe7 12. Bd6 Bxd6 13. Qxd6 Qxd6 14. Nxd6 Rd8 15. Rfd1 Kf8 16. f4 Nd5 17. Bxd5 Rxd6 18. Bxc6 Rxc6 19. Rd8+ Ke7 20. Rad1 Rc7 21. Rg8 Rd7 22. Rxd7+ Kxd7 23. Rxg7 Ke7 24. Rxh7 Bd7 25. g4 Bc6 26. Kf2 b5 27. Ke3 Rd8 28. g5 b4 29. Ne4 Bxe4 30. Kxe4 Rd2 31. g6 Kf6 32. g7 Rxe2+ 33. Kf3 1-0

[Event "Moscow op-A 18th"]
[Site "Moscow"]
[Date "2022.07.15"]
[Round "2"]
[White "Gordievsky, Dmitry"]
[Black "Slizunkov, Dmitry"]
[Result "1-0"]
[WhiteElo "2535"]
[BlackElo "2095"]
[PlyCount "71"]
[EventDate "2022.07.14"]
[EventType "swiss"]
[EventRounds "9"]
[EventCountry "RUS"]
[SourceTitle "CBM 209 Extra"]
[Source "ChessBase"]
[SourceDate "2022.09.30"]
[SourceVersion "1"]
[SourceVersionDate "2022.09.30"]
[SourceQuality "1"]

1. e4 c6 2. Nf3 d5 3. d3 g6 4. e5 Bg7 5. d4 Bg4 6. Nbd2 c5 7. dxc5 Nc6 8. h3 Bxf3 9. Nxf3 Nxe5 10. Nxe5 Bxe5 11. Bb5+ Kf8 12. 0-0 Rc8 13. Qe2 Bf6 14. c4 a6 15. Ba4 dxc4 16. Be3 Qa5 17. Qxc4 b5 18. Qg4 e6 19. Bb3 Bxb2 20. Rad1 Qc7 21. Rd6 h5 22. Qe2 Be5 23. Rxa6 Ne7 24. Qxb5 Nf5 25. Rb6 Qe7 26. Rb7 Qf6 27. c6 Nd6 28. Qc5 Kg7 29. Rd7 Nf5 30. Bg5 Qxg5 31. Qxe5+ Kh6 32. Rxf7 Rhf8 33. Rxf8 Rxf8 34. Bxe6 Qe7 35. c7 Nd6 36. Rc1 1-0

[Event "Moscow op-A 18th"]
[Site "Moscow"]
[Date "2022.07.14"]
[Round "1"]
[White "Kuzmin, Ivan A"]
[Black "Gordievsky, Dmitry"]
[Result "0-1"]
[WhiteElo "1976"]
[BlackElo "2535"]
[PlyCount "74"]
[EventDate "2022.07.14"]
[EventType "swiss"]
[EventRounds "9"]
[EventCountry "RUS"]
[SourceTitle "CBM 209 Extra"]
[Source "ChessBase"]
[SourceDate "2022.09.30"]
[SourceVersion "1"]
[SourceVersionDate "2022.09.30"]
[SourceQuality "1"]

1. e4 c6 2. d4 d5 3. e5 c5 4. dxc5 e6 5. Nf3 Bxc5 6. Bd3 Nc6 7. a3 Nge7 8. 0-0 Ng6 9. b4 Bb6 10. Bb2 Nf4 11. Bb5 0-0 12. c4 a6 13. Bxc6 bxc6 14. c5 Bc7 15. Nc3 f6 16. Ne2 Ng6 17. exf6 gxf6 18. Qd2 e5 19. h3 Be6 20. Rae1 Qd7 21. Nh2 Qg7 22. Kh1 Rae8 23. f4 exf4 24. Nd4 Bd7 25. Nhf3 Re4 26. Qd3 Rfe8 27. Qxa6 Nh4 28. Nxh4 Rxe1 29. Nhf3 Bc8 30. Qd3 R8e3 31. Rxe1 Rxd3 32. Re8+ Kf7 33. Rxc8 Rd1+ 34. Ng1 Be5 35. Nxc6 f3 36. Nxe5+ fxe5 37. Rc7+ Ke6 0-1

[Event "Pan American Intercollegiate-chT"]
[Site "Chess.com INT"]
[Date "2021.01.06"]
[Round "8"]
[White "Bok, Benjamin"]
[Black "Gordievsky, Dmitry"]
[Result "1-0"]
[WhiteElo "2624"]
[BlackElo "2559"]
[PlyCount "129"]
[EventDate "2021.01.04"]
[EventType "team-swiss (rapid)"]
[EventRounds "9"]
[EventCountry "USA"]
[SourceTitle "CBM 200 Extra"]
[Source "ChessBase"]
[SourceDate "2021.03.31"]
[SourceVersion "1"]
[SourceVersionDate "2021.03.31"]
[SourceQuality "1"]
[WhiteTeam "St Louis Univ"]
[BlackTeam "Missouri Univ"]
[WhiteTeamCountry "USA"]
[BlackTeamCountry "USA"]

1. c4 c6 2. Nf3 d5 3. e3 Nf6 4. Nc3 g6 5. d4 Bg7 6. Be2 0-0 7. 0-0 e6 8. b3 b6 9. Ba3 Re8 10. Ne5 Bb7 11. f4 a6 12. Bf3 Nbd7 13. Qe2 c5 14. Rac1 Rc8 15. Rfd1 b5 16. cxd5 exd5 17. Nxd7 Nxd7 18. dxc5 Qa5 19. Bb2 Rxc5 20. Nxd5 Bxd5 21. Bxd5 Rxc1 22. Bxc1 Nf6 23. Bf3 Ne4 24. Bxe4 Rxe4 25. Qd2 Qxd2 26. Rxd2 Re8 27. Rc2 h5 28. Kf2 Rd8 29. Ke2 Re8 30. Bd2 Bf6 31. Rc6 Re6 32. Rxe6 fxe6 33. Kd3 Kf7 34. Bc3 Bd8 35. h3 Bb6 36. Bd4 Ba5 37. g4 hxg4 38. hxg4 Bd8 39. Ke4 Bc7 40. Be5 Bb6 41. Kd3 Ke7 42. e4 Kf7 43. Kc3 Ba5+ 44. Kd4 Bb6+ 45. Kd3 Bd8 46. Bd4 Bc7 47. Be3 Ke7 48. e5 Kf7 49. Ke4 Ba5 50. f5 gxf5+ 51. gxf5 Bc3 52. Bc5 Bb2 53. Bd6 Bc3 54. f6 Be1 55. Kd4 Bf2+ 56. Kc3 Be1+ 57. Kb2 Bf2 58. Kc2 Bd4 59. Kd3 Bf2 60. Bb4 Bb6 61. Bc3 Bc5 62. Bd4 Bb4 63. Kc2 Kg6 64. a4 bxa4 65. bxa4 1-0

[Event "Pan American Intercollegiate-chT"]
[Site "Chess.com INT"]
[Date "2021.01.06"]
[Round "7"]
[White "Gordievsky, Dmitry"]
[Black "Preotu, Razvan"]
[Result "0-1"]
[WhiteElo "2559"]
[BlackElo "2487"]
[PlyCount "46"]
[EventDate "2021.01.04"]
[EventType "team-swiss (rapid)"]
[EventRounds "9"]
[EventCountry "USA"]
[SourceTitle "CBM 200 Extra"]
[Source "ChessBase"]
[SourceDate "2021.03.31"]
[SourceVersion "1"]
[SourceVersionDate "2021.03.31"]
[SourceQuality "1"]
[WhiteTeam "Missouri Univ"]
[BlackTeam "Texas Dallas Univ"]
[WhiteTeamCountry "USA"]
[BlackTeamCountry "USA"]

1. c4 g6 2. g3 c5 3. Bg2 Bg7 4. Nc3 Nc6 5. Nf3 d6 6. 0-0 Bf5 7. a3 Qd7 8. b4 Bh3 9. Bxh3 Qxh3 10. Bb2 Nh6 11. Qb1 Ng4 12. Nd5 Bxb2 13. Nf4 Qh6 14. Qxb2 0-0 15. bxc5 e5 16. h3 exf4 17. hxg4 Qh3 18. cxd6 Rae8 19. Rae1 fxg3 20. fxg3 Ne5 21. Qxb7 Qxg3+ 22. Kh1 Nxg4 23. d7 Re5 0-1

[Event "Pan American Intercollegiate-chT"]
[Site "Chess.com INT"]
[Date "2021.01.05"]
[Round "4"]
[White "Hakobyan, Aram"]
[Black "Gordievsky, Dmitry"]
[Result "0-1"]
[WhiteElo "2598"]
[BlackElo "2559"]
[PlyCount "92"]
[EventDate "2021.01.04"]
[EventType "team-swiss (rapid)"]
[EventRounds "9"]
[EventCountry "USA"]
[SourceTitle "CBM 200 Extra"]
[Source "ChessBase"]
[SourceDate "2021.03.31"]
[SourceVersion "1"]
[SourceVersionDate "2021.03.31"]
[SourceQuality "1"]
[WhiteTeam "Webster Univ"]
[BlackTeam "Missouri Univ"]
[WhiteTeamCountry "USA"]
[BlackTeamCountry "USA"]

1. d4 d5 2. Nf3 Nf6 3. c3 Bf5 4. Qb3 Qc8 5. c4 dxc4 6. Qxc4 e6 7. Nc3 Nbd7 8. Nh4 c6 9. Nxf5 exf5 10. g3 Bd6 11. Bh3 g6 12. Bh6 Bf8 13. Bf4 Bg7 14. 0-0 0-0 15. Qb3 Re8 16. Rac1 Nb6 17. Be5 Qd8 18. Bg2 Ng4 19. Bxg7 Kxg7 20. Rfd1 Qg5 21. d5 cxd5 22. h4 Qf6 23. e3 Rac8 24. Nxd5 Nxd5 25. Bxd5 b6 26. Bf3 Rxc1 27. Rxc1 Ne5 28. Bd5 Re7 29. Rc8 Qd6 30. Kg2 Rd7 31. e4 fxe4 32. Bxe4 Qd4 33. Qc2 Qb4 34. a3 Qe1 35. Qb1 Rd1 36. Qxd1 Qxd1 37. Rc3 Qe2 38. Bd5 Qxb2 39. Rc7 Qd4 40. Ba2 Qe4+ 41. Kg1 a5 42. Ra7 Qf3 43. Re7 Ng4 44. Rxf7+ Qxf7 45. Bxf7 Kxf7 46. a4 Nf6 0-1